Hotel

Na minha lista:
Detalhes bibliográficos
Autor principal: Kočárik, Michal (Author)
Outros Autores: Palko, Milan (Thesis advisor)
Formato: Manuscrito Livro
Idioma:eslovaco
Publicado em: 2024
Assuntos:
Acesso em linha:http://is.stuba.sk/zp/portal_zp.pl?podrobnosti=178634
https://opac.crzp.sk/?fn=detailBiblioForm&sid=9A7D98113A4E7D6F03AE77A0EB46
Tags: Adicionar Tag
Sem tags, seja o primeiro a adicionar uma tag!

MARC

LEADER 00000ntm a22000003a 4500
001 stuzp98931
003 SK-STU
005 20240924134140.9
007 ta
008 150427s2015----xo-----f-mn---000-0-slo-d
040 |a STU  |b slo 
041 0 |a slo 
100 1 |a Kočárik, Michal  |u 010180  |4 aut  |U SvF Stavebná fakulta  |T SvF Katedra konštrukcií pozemných stavieb  |X 97629  |U V180  |Y 18  |7 97629 
242 0 1 |a Hotel  |y eng 
245 1 0 |a Hotel 
260 |c 2024 
650 4 |a realizačný projekt  |2 slo 
650 4 |a wellness  |2 slo 
650 4 |a hotel  |2 slo 
650 4 |a hotel  |2 eng 
650 4 |a implementation project  |2 eng 
650 4 |a wellness  |2 eng 
700 1 |a Palko, Milan  |u 010180  |k Z1  |4 ths  |U SvF Stavebná fakulta  |T SvF Katedra konštrukcií pozemných stavieb  |X 2552  |U V180  |Y 18  |7 A000002552 
856 4 |u http://is.stuba.sk/zp/portal_zp.pl?podrobnosti=178634 
856 4 |u https://opac.crzp.sk/?fn=detailBiblioForm&sid=9A7D98113A4E7D6F03AE77A0EB46